King & king /

Saved in:
Bibliografiske detaljer
Main Authors: Haan, Linda : de (Author), Nijland, Stern (Author)
Format: Bog
Sprog:engelsk
Udgivet: Berkeley : Tricycle Press, c2000
Tags: Tilføj Tag
Ingen Tags, Vær først til at tagge denne postø!

MARC

LEADER 00000nam a22000007i 4500
001 IT\ICCU\UBO\3503276
003 ItRI
005 20260115232013.0
008 081015s2000 xxu|||||| ||||| |||||c
020 |a 9781582460611 
040 |b ita  |c importazione bologna sebina 
041 7 |a eng  |2 ISO-639-2 
100 1 |a Haan, Linda : de  |0 IT\ICCU\UBOV\271219  |4 aut 
245 1 0 |a King & king /  |c Linda de Haan ; Nijland Stern. 
260 |a Berkeley :  |b Tricycle Press,  |c c2000 
300 |a 1 v. :  |b ill. ;  |c 26 cm 
500 |a Senza paginazione. 
700 1 |a Nijland, Stern  |0 IT\ICCU\UBOV\271220  |4 aut 
942 |2 ddc  |c BK  |n 0 
952 |0 0  |1 0  |4 0  |6 R_741_642000000000000_DEH  |7 0  |9 18737  |a BO  |b BO  |d 2026-01-15  |i 12986  |l 0  |o R 741.642 DEH  |p BO12986  |r 2026-01-15 23:20:13  |w 2026-01-15  |x [Sebina 5] [1 v. (2. copia)]  |y BK  |z 1 v. (2. copia) 
952 |0 0  |1 0  |4 0  |6 R_741_642000000000000_DEH  |7 0  |9 18738  |a BO  |b BO  |d 2026-01-15  |i 12187  |l 0  |o R 741.642 DEH  |p BO12187  |r 2026-01-15 23:20:13  |w 2026-01-15  |x [Sebina 5] [1 v.]  |y BK  |z 1 v. 
999 |c 15900  |d 15900